The Dark Alley (Record no. 191573)
[ view plain ]
| 000 -LEADER | |
|---|---|
| fixed length control field | 00591nam a22002057a 4500 |
| 005 - DATE AND TIME OF LATEST TRANSACTION | |
| control field | 20220830105817.0 |
| 010 ## - LCCN (DPL NO) | |
| LC control number | ENG-134775 |
| 020 ## - INTERNATIONAL STANDARD BOOK NUMBER | |
| International Standard Book Number | 9788179261415 |
| Terms of availability | 299.00 |
| 035 ## - SYSTEM CONTROL NUMBER | |
| System control number | EN-118307 |
| 037 ## - SOURCE OF ACQUISITION | |
| Source of stock number/acquisition | DBAD/PUB |
| Stock number | - |
| 082 ## - DEWEY DECIMAL CLASSIFICATION NUMBER | |
| Classification number | N |
| 100 ## - MAIN ENTRY--PERSONAL NAME | |
| Personal name | GERTOPAN,SUSANA |
| 245 ## - TITLE STATEMENT | |
| Title | The Dark Alley |
| Statement of responsibility, etc | Susana Gertopan and translated by Subrata Guha ,Sonali Datta |
| 260 ## - PUBLICATION, DISTRIBUTION, ETC. (IMPRINT) | |
| Place of publication, distribution, etc | Kolkata |
| Name of publisher, distributor, etc | Best Books |
| 270 ## - ADDRESS | |
| Address | 1A College Row,,15 wards institution street |
| City | kolkata |
| Postal code | 700006 |
| 300 ## - PHYSICAL DESCRIPTION | |
| Extent | 215 p. |
| Dimensions | 21 cm(pbk) |
| 700 ## - ADDED ENTRY--PERSONAL NAME | |
| Personal name | Subrata Guhu |
| 700 ## - ADDED ENTRY--PERSONAL NAME | |
| Personal name | Sonali Dutta |
| 942 ## - ADDED ENTRY ELEMENTS (KOHA) | |
| Source of classification or shelving scheme | Dewey Decimal Classification |
| Item type | English Books |
| Classification part | N |
| Call number suffix | GER |
| Withdrawn status | Lost status | Not for loan | Collection code | Home library | Current library | Date acquired | Source of acquisition | Cost, normal purchase price | Full call number | Barcode | Copy number | Cost, replacement price | Koha item type |
|---|---|---|---|---|---|---|---|---|---|---|---|---|---|
| Non-fiction | Ashok Vihar | Ashok Vihar | 30/08/2022 | DBAD/PUB | 299.00 | N GER | en-118307 | 1 | 299.00 | English Books |
